The appraisal of real estate
محفوظ في:
| التنسيق: | كتاب |
|---|---|
| اللغة: | Undetermined |
| منشور في: |
Chicago
Appraisal Institute
2001
|
| الموضوعات: | |
| الوسوم: |
إضافة وسم
لا توجد وسوم, كن أول من يضع وسما على هذه التسجيلة!
|
| Thư viện lưu trữ: | Trung tâm Học liệu Trường Đại học Cần Thơ |
|---|
| LEADER | 00396nam a2200145Ia 4500 | ||
|---|---|---|---|
| 001 | CTU_103706 | ||
| 008 | 210402s9999 xx 000 0 und d | ||
| 082 | |a 333.332 | ||
| 082 | |b A652/Vol.1 | ||
| 245 | 4 | |a The appraisal of real estate | |
| 260 | |a Chicago | ||
| 260 | |b Appraisal Institute | ||
| 260 | |c 2001 | ||
| 650 | |a Real estate maket | ||
| 980 | |a Trung tâm Học liệu Trường Đại học Cần Thơ | ||